[Event "Lviv Tradition June 2018"]
[Site "Lviv"]
[Date "2018.06.14"]
[Round "6"]
[White "Anwesh, Upadhyaya"]
[Black "Tanriverdi, Enes"]
[Result "1-0"]
[WhiteElo "2375"]
[BlackElo "2281"]
[Annotator "NA"]
[PlyCount "63"]
[EventDate "2018.??.??"]
[EventType "schev"]
[EventCountry "UKR"]
[SourceTitle "playchess.com"]
[Source "ChessBase"]
[SourceQuality "1"]
[TimeControl "5400+30"]

1. g3 {[%emt 0:00:05]} Nf6 {[%emt 0:00:56]} 2. Bg2 {[%emt 0:00:09]} g6 {[%emt 0:00:09]} 3. c4 {[%emt 0:01:59]} Bg7 {[%emt 0:00:12]} 4. Nc3 {[%emt 0:00:06]} O-O {[%emt 0:00:27]} 5. e4 {[%emt 0:00:11]} d6 {[%emt 0:00:41]} 6. Nge2 {[%emt 0:00:04]} c5 {[%emt 0:00:59]} 7. O-O {[%emt 0:00:10]} Nc6 {[%emt 0:00:04]} 8. d3 {[%emt 0:00:03]} a6 {[%emt 0:04:29]} 9. a3 {[%emt 0:02:26]} Rb8 {[%emt 0:00:57]} 10. Rb1 $11 {[%emt 0:00:19]} b5 {[%emt 0:01:22]} 11. cxb5 {[%emt 0:00:06]} axb5 {[%emt 0:00:01]} 12. b4 {[%emt 0:00:08]} cxb4 {[%emt 0:01:35]} 13. axb4 {[%emt 0:00:08]} e5 {[%emt 0:17:01]} 14. h3 {[%emt 0:01:17]} Re8 {[%emt 0:06:57]} 15. Bg5 {[%emt 0:07:28]} h6 {[%emt 0:01:14]} 16. Be3 {[%emt 0:00:02]} Be6 {[%emt 0:16:41]} 17. f4 {[%emt 0:19:26]} d5 {[%emt 0:01:18]} 18. fxe5 {[%emt 0:09:02]} Nxe5 {[%emt 0:00:09]} 19. Bf4 {[%emt 0:00:11]} Nh5 {[%emt 0:02:41]} 20. exd5 {[%emt 0:02:11]} Nxf4 {[%emt 0:00:44]} 21. gxf4 {[%emt 0:02:04]} Nxd3 {[%emt 0:01:25]} 22. Qxd3 {[%emt 0:05:35]} Bf5 {[%emt 0:00:07]} 23. Ne4 {[%emt 0:02:35]} Rc8 {[%emt 0:04:38]} 24. N2g3 {[%emt 0:09:01]} Rc3 {[%emt 0:01:33]} 25. Qxb5 {[%emt 0:03:29]} Bd4+ {[%emt 0:14:52]} 26. Kh2 {[%emt 0:00:01]} Rxe4 {[%emt 0:00:50]} 27. Nxe4 {[%emt 0:03:24]} Bxe4 {[%emt 0:00:37]} 28. Bxe4 {[%emt 0:01:21]} Qh4 {[%emt 0:00:16]} 29. Bg2 {[%emt 0:04:24]} Qg3+ {[%emt 0:01:31]} 30. Kh1 {[%emt 0:00:04]} Rc2 {[%emt 0:01:04]} 31. Qe8+ {[%emt 0:00:06]} Kg7 {[%emt 0:00:04]} 32. Qe4 {[%emt 0:00:07]} 1-0

[Event "Lviv Tradition June 2018"]
[Site "Lviv"]
[Date "2018.06.14"]
[Round "6"]
[White "Sabuk, Piotr"]
[Black "Dedebas, Emre Emin"]
[Result "1/2-1/2"]
[WhiteElo "2369"]
[BlackElo "2336"]
[Annotator "NA"]
[PlyCount "63"]
[EventDate "2018.??.??"]
[EventType "schev"]
[EventCountry "UKR"]
[SourceTitle "playchess.com"]
[Source "ChessBase"]
[SourceQuality "1"]
[TimeControl "5400+30"]

1. e4 {[%emt 0:00:00]} e5 {[%emt 0:00:35]} 2. Nf3 {[%emt 0:00:00]} Nc6 {[%emt 0:00:05]} 3. Bb5 {[%emt 0:00:00]} a6 {[%emt 0:02:48]} 4. Ba4 {[%emt 0:00:00]} Nf6 {[%emt 0:00:06]} 5. O-O {[%emt 0:00:06]} Be7 {[%emt 0:01:37]} 6. d3 {[%emt 0:00:45]} b5 {[%emt 0:00:54]} 7. Bb3 {[%emt 0:00:02]} d6 {[%emt 0:00:10]} 8. a3 {[%emt 0:00:36]} O-O {[%emt 0:02:58]} 9. Nc3 {[%emt 0:00:22]} Bb7 {[%emt 0:02:35]} 10. Re1 {[%emt 0:03:33]} Qd7 {[%emt 0:00:28]} 11. Bd2 {[%emt 0:14:55]} Rfe8 $11 {[%emt 0:13:35]} 12. Ng5 {[%emt 0:11:35]} Nd8 {[%emt 0:01:58]} 13. f4 {[%emt 0:03:33]} exf4 {[%emt 0:01:55]} 14. Nh3 {[%emt 0:07:51]} d5 {[%emt 0:27:45]} 15. Nxd5 {[%emt 0:05:45]} Nxd5 {[%emt 0:08:31]} 16. Bxd5 {[%emt 0:08:30]} Bxd5 {[%emt 0:01:04]} 17. exd5 {[%emt 0:00:10]} Bc5+ {[%emt 0:07:17]} 18. Kh1 {[%emt 0:03:02]} Rxe1+ {[%emt 0:00:08]} 19. Bxe1 {[%emt 0:02:06]} Qxd5 {[%emt 0:01:45]} 20. Nxf4 {[%emt 0:02:04]} Qd4 {[%emt 0:01:34]} 21. Ne2 {[%emt 0:00:45]} Qd7 {[%emt 0:00:48]} 22. Bc3 {[%emt 0:05:18]} Ne6 {[%emt 0:00:51]} 23. Qd2 {[%emt 0:06:36]} Re8 {[%emt 0:05:59]} 24. Re1 {[%emt 0:03:38]} Bd6 {[%emt 0:01:39]} 25. Nd4 {[%emt 0:05:06]} Nxd4 {[%emt 0:00:32]} 26. Bxd4 {[%emt 0:01:00]} Rxe1+ {[%emt 0:00:12]} 27. Qxe1 {[%emt 0:00:38]} Qe7 {[%emt 0:01:58]} 28. Qxe7 {[%emt 0:03:37]} Bxe7 {[%emt 0:00:06]} 29. Be5 {[%emt 0:00:48]} c6 {[%emt 0:00:24]} 30. g4 {[%emt 0:00:41]} f6 {[%emt 0:00:09]} 31. Bc3 {[%emt 0:00:29]} Kf7 {[%emt 0:00:11]} 32. Kg2 1/2-1/2

[Event "Lviv Tradition June 2018"]
[Site "Lviv"]
[Date "2018.06.14"]
[Round "6"]
[White "Shkuran, Danylo"]
[Black "Can, Isik"]
[Result "1-0"]
[WhiteElo "2368"]
[BlackElo "2396"]
[Annotator "NA"]
[PlyCount "57"]
[EventDate "2018.??.??"]
[EventType "schev"]
[EventCountry "UKR"]
[SourceTitle "playchess.com"]
[Source "ChessBase"]
[SourceQuality "1"]
[TimeControl "5400+30"]

1. Nf3 {[%emt 0:00:00]} d5 {[%emt 0:02:26]} 2. g3 {[%emt 0:00:00]} Nf6 {[%emt 0:00:04]} 3. Bg2 {[%emt 0:00:00]} Bf5 {[%emt 0:00:11]} 4. d3 {[%emt 0:00:10]} c6 {[%emt 0:00:15]} 5. O-O {[%emt 0:00:13]} e6 {[%emt 0:00:05]} 6. Nbd2 {[%emt 0:00:18]} Be7 {[%emt 0:00:13]} 7. Qe1 {[%emt 0:00:41]} h6 {[%emt 0:00:05]} 8. e4 {[%emt 0:00:34]} Bh7 {[%emt 0:00:01]} 9. Qe2 {[%emt 0:00:15]} O-O {[%emt 0:00:06]} 10. b3 {[%emt 0:00:37]} a5 {[%emt 0:00:03]} 11. a3 {[%emt 0:00:24]} Na6 {[%emt 0:00:43]} 12. Bb2 {[%emt 0:00:56]} Nc5 {[%emt 0:07:43]} 13. Ne5 {[%emt 0:01:28]} Qb6 {[%emt 0:01:08]} 14. Rab1 {[%emt 0:01:25]} Rfd8 {[%emt 0:14:47]} 15. Kh1 {[%emt 0:02:47]} Qa6 {[%emt 0:14:25]} 16. Qe3 {[%emt 0:02:47]} Nfd7 {[%emt 0:05:44]} 17. Nxd7 {[%emt 0:22:51]} Rxd7 {[%emt 0:01:20]} 18. Bd4 {[%emt 0:38:46]} b6 {[%emt 0:06:38]} 19. b4 {[%emt 0:05:51]} Na4 {[%emt 0:09:11]} 20. exd5 {[%emt 0:05:38]} exd5 {[%emt 0:12:56]} 21. Nf3 {[%emt 0:00:56]} Bd6 {[%emt 0:03:50]} 22. Bxg7 {[%emt 0:06:22]} Kxg7 {[%emt 0:03:35]} 23. Qd4+ {[%emt 0:00:06]} Kf8 {[%emt 0:00:19]} 24. Qh8+ {[%emt 0:00:52]} Bg8 {[%emt 0:00:19]} 25. Rfe1 {[%emt 0:00:32]} Be7 {[%emt 0:01:23]} 26. Qxh6+ {[%emt 0:00:22]} Ke8 {[%emt 0:00:01]} 27. Ne5 {[%emt 0:04:15]} Rc7 {[%emt 0:07:28]} 28. Qg7 {[%emt 0:00:18]} Bf8 {[%emt 0:00:07]} 29. Ng6+ {[%emt 0:00:40]} 1-0

[Event "Lviv Tradition June 2018"]
[Site "Lviv"]
[Date "2018.06.15"]
[Round "7"]
[White "Can, Isik"]
[Black "Frolov, Artur"]
[Result "0-1"]
[WhiteElo "2396"]
[BlackElo "2406"]
[Annotator "NA"]
[PlyCount "53"]
[EventDate "2018.??.??"]
[EventType "schev"]
[EventCountry "UKR"]
[SourceTitle "playchess.com"]
[Source "ChessBase"]
[SourceQuality "1"]
[TimeControl "5400+30"]

1. e4 {[%emt 0:00:00]} e5 {[%emt 0:00:17]} 2. Nf3 {[%emt 0:00:00]} Nc6 {[%emt 0:00:04]} 3. Bb5 {[%emt 0:00:00]} a6 {[%emt 0:00:04]} 4. Bxc6 {[%emt 0:00:00]} dxc6 {[%emt 0:00:06]} 5. O-O {[%emt 0:00:00]} f6 {[%emt 0:06:17]} 6. d4 {[%emt 0:00:00]} exd4 {[%emt 0:00:04]} 7. Nxd4 {[%emt 0:00:00]} Bd6 {[%emt 0:05:01]} 8. Qh5+ {[%emt 0:00:10]} g6 {[%emt 0:00:37]} 9. Qf3 {[%emt 0:00:04]} h5 {[%emt 0:18:27]} 10. Qc3 {[%emt 0:00:05]} h4 {[%emt 0:09:19]} 11. Nxc6 {[%emt 0:14:12]} bxc6 {[%emt 0:00:57]} 12. Qxc6+ {[%emt 0:01:09]} Bd7 {[%emt 0:00:11]} 13. Qc3 {[%emt 0:00:19]} Qe7 {[%emt 0:02:51]} 14. Nd2 {[%emt 0:02:02]} Qe5 {[%emt 0:00:59]} 15. Qxe5+ {[%emt 0:02:07]} Bxe5 {[%emt 0:00:20]} 16. Nc4 {[%emt 0:02:55]} h3 {[%emt 0:05:48]} 17. g3 {[%emt 0:01:06]} Bd4 {[%emt 0:02:20]} 18. Rd1 {[%emt 0:05:14]} Ba7 {[%emt 0:01:03]} 19. Be3 {[%emt 0:06:37]} Bxe3 {[%emt 0:00:05]} 20. Nxe3 {[%emt 0:00:04]} Ne7 {[%emt 0:00:24]} 21. Rd3 {[%emt 0:01:56]} O-O-O {[%emt 0:05:21]} 22. Ra3 {[%emt 0:04:58]} Bc6 {[%emt 0:02:09]} 23. Rxa6 {[%emt 0:00:26]} Kb7 {[%emt 0:00:41]} 24. Ra3 {[%emt 0:01:19]} Bxe4 {[%emt 0:00:19]} 25. Re1 {[%emt 0:02:05]} Nc6 {[%emt 0:02:10]} 26. Ng4 {[%emt 0:05:21]} f5 {[%emt 0:00:27]} 27. Rb3+ {[%emt 0:03:12]} 0-1

[Event "Lviv Tradition June 2018"]
[Site "Lviv"]
[Date "2018.06.15"]
[Round "7"]
[White "Dedebas, Emre Emin"]
[Black "Anwesh, Upadhyaya"]
[Result "1/2-1/2"]
[WhiteElo "2336"]
[BlackElo "2375"]
[Annotator "NA"]
[PlyCount "75"]
[EventDate "2018.??.??"]
[EventType "schev"]
[EventCountry "UKR"]
[SourceTitle "playchess.com"]
[Source "ChessBase"]
[SourceQuality "1"]
[TimeControl "5400+30"]

1. d4 Nf6 {[%emt 0:02:12]} 2. c4 {[%emt 0:00:00]} e6 {[%emt 0:00:02]} 3. Nf3 {[%emt 0:00:00]} d5 {[%emt 0:00:04]} 4. Nc3 {[%emt 0:00:07]} c6 {[%emt 0:00:02]} 5. e3 {[%emt 0:00:05]} Nbd7 {[%emt 0:00:35]} 6. Qc2 {[%emt 0:00:19]} Bd6 {[%emt 0:00:06]} 7. Bd3 {[%emt 0:00:07]} dxc4 {[%emt 0:00:04]} 8. Bxc4 {[%emt 0:00:09]} b5 {[%emt 0:00:01]} 9. Be2 {[%emt 0:00:10]} O-O {[%emt 0:00:24]} 10. O-O {[%emt 0:00:41]} Bb7 {[%emt 0:00:04]} 11. e4 {[%emt 0:02:53]} e5 {[%emt 0:00:12]} 12. dxe5 {[%emt 0:01:32]} Nxe5 {[%emt 0:00:03]} 13. Nd4 {[%emt 0:03:29]} Re8 {[%emt 0:04:24]} 14. Nf5 {[%emt 0:00:28]} Bf8 {[%emt 0:01:37]} 15. Bg5 $14 {[%emt 0:07:35] LiveBook: 5 Games} b4 {[%emt 0:06:11]} 16. Na4 {[%emt 0:09:15]} c5 {[%emt 0:02:52]} 17. f3 {[%emt 0:04:34]} Rc8 {[%emt 0:06:16]} 18. b3 {[%emt 0:04:09]} c4 {[%emt 0:07:59]} 19. bxc4 {[%emt 0:01:57]} Bc6 {[%emt 0:03:02]} 20. Nb2 {[%emt 0:02:53]} Qb6+ {[%emt 0:00:08]} 21. Kh1 {[%emt 0:01:02]} Nfd7 {[%emt 0:01:11]} 22. Rfd1 {[%emt 0:05:04]} Nc5 {[%emt 0:03:05]} 23. Nd4 {[%emt 0:03:14]} Ba8 {[%emt 0:02:03]} 24. Be3 {[%emt 0:01:25]} Qg6 {[%emt 0:03:19]} 25. Bf1 {[%emt 0:01:48]} a5 {[%emt 0:00:09]} 26. Nb3 {[%emt 0:13:51]} Ne6 {[%emt 0:07:51]} 27. c5 {[%emt 0:04:38]} Qh5 {[%emt 0:01:37]} 28. Qf2 {[%emt 0:01:31]} f5 {[%emt 0:01:58]} 29. exf5 {[%emt 0:03:17]} Qxf5 {[%emt 0:00:21]} 30. Nc4 {[%emt 0:01:49]} a4 {[%emt 0:07:27]} 31. Nd4 {[%emt 0:00:31]} Nxd4 {[%emt 0:00:09]} 32. Bxd4 {[%emt 0:00:10]} Nxc4 {[%emt 0:06:07]} 33. Bxc4+ {[%emt 0:00:06]} Kh8 {[%emt 0:00:03]} 34. Re1 {[%emt 0:02:48]} Rxe1+ {[%emt 0:05:11]} 35. Rxe1 {[%emt 0:00:02]} Bd5 {[%emt 0:00:12]} 36. Re5 {[%emt 0:14:24]} Qb1+ {[%emt 0:00:07]} 37. Re1 {[%emt 0:00:03]} Qf5 {[%emt 0:00:12]} 38. Re5 {[%emt 0:07:35]} 1/2-1/2

[Event "Lviv Tradition June 2018"]
[Site "Lviv"]
[Date "2018.06.15"]
[Round "7"]
[White "Ozenir, Ekin Baris"]
[Black "Sabuk, Piotr"]
[Result "0-1"]
[WhiteElo "2320"]
[BlackElo "2369"]
[Annotator "TA"]
[PlyCount "29"]
[EventDate "2018.??.??"]
[EventType "schev"]
[EventCountry "UKR"]
[SourceTitle "playchess.com"]
[Source "ChessBase"]
[SourceQuality "1"]

{[%evp 19,29,43,46,38,41,35,44,-15,7,14,0,14]} 1. d4 Nf6 2. Bg5 Ne4 3. Bf4 c5 4. f3 Qa5+ 5. c3 Nf6 6. d5 Qb6 7. Bc1 e6 8. e4 exd5 9. exd5 Bd6 {A45: Damenbauernspiele (Trompowski-Angriff)} 10. Na3 O-O {LiveBook: 21 Partien} 11. Be2 Re8 12. Nh3 Bf8 13. Nc4 $146 (13. Nf2 $14) ({Vorgänger:} 13. c4 d6 14. Nf2 Qb4+ 15. Kf1 a6 16. Nc2 Qa5 17. a4 {1-0 (41) Stephan,J (2568)-Lanc,A (2424) ICCF email 2015}) 13... Qd8 14. a4 d6 15. Nf2 {[%mdl 32768] Loss on Time!?} 0-1

[Event "Lviv Tradition June 2018"]
[Site "Lviv"]
[Date "2018.06.15"]
[Round "7"]
[White "Tanriverdi, Enes"]
[Black "Mirzoev, Emil"]
[Result "1/2-1/2"]
[WhiteElo "2281"]
[BlackElo "2421"]
[Annotator "TA"]
[PlyCount "78"]
[EventDate "2018.??.??"]
[EventType "schev"]
[EventCountry "UKR"]
[SourceTitle "playchess.com"]
[Source "ChessBase"]
[SourceQuality "1"]

{[%evp 11,78,69,77,68,71,72,77,82,68,57,56,66,62,61,75,74,79,70,67,0,0,-36,-12,-31,-29,-45,-8,-29,34,32,38,38,34,8,62,78,147,147,142,147,159,142,137,109,129,125,156,77,99,48,176,166,356,353,318,125,152,131,119,111,109,152,129,18,112,16,16,9,10]} 1. d4 Nf6 2. c4 Nc6 3. Nf3 d6 4. Nc3 e5 5. d5 Ne7 6. e4 Ng6 7. h4 {A54: Old Indian Defence with Nf3, but without e4} (7. g3 Be7 8. h4 h6 9. Be2 a5 10. h5 Nf8 11. Nh4 N8h7 12. Be3 O-O 13. Ng2 c6 14. f3 Bd7 15. a4 Qc8 16. Bf2 {½-½ (44) Moiseenko,A (2707)-Rapport,R (2704) Tromsoe 2014}) 7... Bg4 8. g3 Be7 9. Be2 {White is better.} c6 10. Nh2 Bxe2 $146 ({Predecessor:} 10... Bc8 11. Ng4 Nxg4 12. Bxg4 O-O 13. h5 Nh8 14. Be3 Bxg4 15. Qxg4 Qc8 16. Qxc8 Rfxc8 {½-½ (32) Nenciulescu,S (2033)-Cummings,N (2259) Chessfriend.com 2005}) 11. Qxe2 Nf8 12. Nf1 cxd5 13. cxd5 N8d7 14. Ne3 g6 15. f3 (15. g4 $14) 15... Nh5 $1 $11 {[%cal Rh5g3]} 16. Kf2 O-O 17. Qc2 Rc8 18. a4 a6 19. a5 b6 ({Black should try} 19... Rc5 $11) 20. axb6 $14 Qxb6 21. Kg2 Qb7 22. Bd2 Bd8 (22... Ng7 $11) 23. b3 Bb6 (23... f5 $142) 24. Nc4 $16 {[%cal Be3c4,Bc4a5,Ba5c6][%mdl 32]} Bc5 25. Bh6 $36 {[%mdl 2048] White is on the roll.} Ng7 26. Na5 Qc7 27. Nc6 {Strongly threatening Ne7+.} Nb8 28. Qd2 f6 29. Rac1 (29. Rhc1 $142) 29... Qf7 30. Rhf1 ({White should play} 30. Na5 $1 $16) 30... Nxc6 (30... f5 $1 $14) 31. dxc6 $18 Rxc6 $2 (31... Bb4 {was worth a try.}) 32. Nd5 Rfc8 33. f4 $2 (33. b4 $1 $18 {and the rest is easy.}) 33... Ne8 34. Qa2 {And now b4 would win.} Kh8 {[#]} 35. b4 $1 {[%cal Rb4c5]} Bd4 36. Rxc6 Rxc6 37. Qa4 (37. f5 $16) 37... Rc8 {[#]} (37... Rc4 $1 $11 {remains equal.}) 38. Qxa6 (38. f5 $1 $16) 38... Rc2+ $11 39. Kh3 exf4 {Precision: White = 46%, Black = 36%.} 1/2-1/2

[Event "Lviv Tradition June 2018"]
[Site "Lviv"]
[Date "2018.06.15"]
[Round "7"]
[White "Akdogan, Alperen"]
[Black "Shkuran, Danylo"]
[Result "1/2-1/2"]
[WhiteElo "2260"]
[BlackElo "2368"]
[Annotator "NA"]
[PlyCount "61"]
[EventDate "2018.??.??"]
[EventType "schev"]
[EventCountry "UKR"]
[SourceTitle "playchess.com"]
[Source "ChessBase"]
[SourceQuality "1"]
[TimeControl "5400+30"]

1. d4 {[%emt 0:00:00]} d5 {[%emt 0:00:09]} 2. Nf3 {[%emt 0:00:00]} Nf6 {[%emt 0:00:05]} 3. c4 {[%emt 0:00:00]} c6 {[%emt 0:00:07]} 4. Qc2 {[%emt 0:00:03]} Bg4 {[%emt 0:03:39]} 5. Ne5 {[%emt 0:00:46]} Be6 {[%emt 0:01:15]} 6. e3 {[%emt 0:05:48]} Nbd7 {[%emt 0:00:51]} 7. cxd5 $11 {[%emt 0:10:19]} cxd5 {[%emt 0:01:30]} 8. Nxd7 {[%emt 0:00:37]} Bxd7 {[%emt 0:02:24]} 9. Nc3 {[%emt 0:01:07]} Qb6 {[%emt 0:01:52]} 10. Bd3 {[%emt 0:01:38]} Rc8 {[%emt 0:02:27]} 11. O-O {[%emt 0:01:34]} e6 {[%emt 0:03:25]} 12. Bd2 {[%emt 0:10:04]} Bd6 {[%emt 0:09:02]} 13. Rfc1 {[%emt 0:16:57]} O-O {[%emt 0:09:26]} 14. Qb3 {[%emt 0:08:51]} Qxb3 {[%emt 0:16:44]} 15. axb3 {[%emt 0:00:13]} Bb8 {[%emt 0:00:51]} 16. Na4 {[%emt 0:07:04]} Rxc1+ {[%emt 0:00:54]} 17. Rxc1 {[%emt 0:00:05]} Rc8 {[%emt 0:00:12]} 18. Nc5 {[%emt 0:03:06]} b6 {[%emt 0:01:15]} 19. Nxd7 {[%emt 0:02:46]} Rxc1+ {[%emt 0:00:47]} 20. Bxc1 {[%emt 0:00:04]} Nxd7 {[%emt 0:00:09]} 21. Bd2 {[%emt 0:00:35]} Bd6 {[%emt 0:00:08]} 22. f3 {[%emt 0:05:25]} f5 {[%emt 0:12:22]} 23. Kf2 {[%emt 0:01:22]} Kf7 {[%emt 0:00:21]} 24. h3 {[%emt 0:00:27]} Nf6 {[%emt 0:01:45]} 25. g4 {[%emt 0:04:44]} g6 {[%emt 0:00:51]} 26. Ke2 {[%emt 0:01:41]} fxg4 {[%emt 0:13:39]} 27. hxg4 {[%emt 0:02:45]} h5 {[%emt 0:00:10]} 28. gxh5 {[%emt 0:00:27]} Nxh5 {[%emt 0:02:12]} 29. f4 {[%emt 0:01:14]} Ng3+ {[%emt 0:00:44]} 30. Kf3 {[%emt 0:00:08]} Nf5 {[%emt 0:00:06]} 31. Kg4 {[%emt 0:00:35]} 1/2-1/2

[Event "Lviv Tradition June 2018"]
[Site "Lviv"]
[Date "2018.06.16"]
[Round "8"]
[White "Mirzoev, Emil"]
[Black "Dedebas, Emre Emin"]
[Result "1/2-1/2"]
[WhiteElo "2421"]
[BlackElo "2336"]
[Annotator "TA"]
[PlyCount "60"]
[EventDate "2018.??.??"]
[EventType "schev"]
[EventCountry "UKR"]
[SourceTitle "playchess.com"]
[Source "ChessBase"]
[SourceQuality "1"]

{[%evp 15,60,26,31,8,18,-14,0,1,17,3,16,0,16,0,25,-16,-25,-48,-43,-47,0,0,0,0,0,0,17,0,0,-37,-52,-37,-49,-142,-135,-141,-150,-189,0,-32,0,-176,0,0,0,0,0]} 1. e4 e5 2. Nf3 Nc6 3. Bb5 Nf6 4. O-O Nxe4 5. d4 Nd6 6. Bxc6 dxc6 7. dxe5 Nf5 8. Qxd8+ Kxd8 {LiveBook: 4137 Games} 9. Re1 {C67: Ruy Lopez: Berlin Defence: 4 0-0 Nxe4} (9. h3 Ne7 10. Rd1+ Ke8 11. Nc3 Ng6 12. b3 f6 13. exf6 gxf6 14. Ne4 Be7 15. Bh6 Kf7 16. Rd3 Bf5 17. Re1 Rad8 18. Rde3 Rhe8 19. g4 Bd7 {½-½ (67) Vachier Lagrave,M (2789)-Ragger,M (2672) Baden-Baden 2018}) 9... h6 10. h3 $146 ({Predecessor:} 10. b3 a5 11. a4 Be6 12. Bb2 Bb4 13. c3 Be7 14. Nbd2 Kc8 15. Red1 b6 16. h3 h5 {0-1 (41) Fluvia Poyatos,J (2508)-Krasenkow,M (2668) Barcelona 2007}) 10... Ke8 11. b3 Be7 12. Bb2 Be6 13. Nc3 b6 14. Rad1 a5 {[%cal Ba7a5,Ba5a4][%mdl 32]} 15. Kf1 Bb4 16. a3 Bxc3 $1 17. Bxc3 a4 18. b4 Bd5 19. Nd4 Nxd4 20. Rxd4 Ke7 21. f4 Be6 22. g4 g6 23. Kf2 h5 24. Kg3 ({White should play} 24. g5 $15) 24... hxg4 $17 25. hxg4 Rh7 {Threatens to win with ...Rah8.} 26. Rg1 Rhh8 $2 {[#]} (26... Rah8 $19 {aiming for ...Rh3+.} 27. Kf2 Rh2+ 28. Rg2 Bxg4) 27. Rgd1 Rh7 (27... Rag8 $15 28. Bd2 Rh7) 28. Rg1 $1 $19 Rhh8 $2 ({Better is} 28... Rah8 $19 {...Rh3+ is the strong threat.} 29. Kf2 Rh2+ 30. Rg2 Bxg4) 29. Rd2 Rh7 {Threatening ...Rah8.} 30. Rh2 Rxh2 {Precision: White = 29%, Black = 43%.} 1/2-1/2

[Event "Lviv Tradition June 2018"]
[Site "Lviv"]
[Date "2018.06.16"]
[Round "8"]
[White "Frolov, Artur"]
[Black "Akdogan, Alperen"]
[Result "1/2-1/2"]
[WhiteElo "2406"]
[BlackElo "2260"]
[Annotator "NA"]
[PlyCount "70"]
[EventDate "2018.??.??"]
[EventType "schev"]
[EventCountry "UKR"]
[SourceTitle "playchess.com"]
[Source "ChessBase"]
[SourceQuality "1"]
[TimeControl "5400+30"]

{[%evp 8,70,48,32767,32767,-6,-13,-56,6,10,42,39,55,47,45,34,50,45,44,38,34,38,41,28,2,-22,-14,32767,32767,32767,32767,32767,32767,32767,32767,-43,-37,-39,-41,-51,32767,32767,32767,32767,32767,32767,32767,32767,32767,32767,32767,32767,32767,32767,32767,32767,32767,32767,32767,32767,-47,-43,4,32767,21]} 1. e4 {[%emt 0:00:00]} Nf6 {[%emt 0:00:29]} 2. e5 {[%emt 0:00:00]} Nd5 {[%emt 0:00:04]} 3. d4 {[%emt 0:00:00]} d6 {[%emt 0:00:05]} 4. Nf3 {[%emt 0:00:00]} dxe5 {[%emt 0:00:10]} 5. Nxe5 {[%emt 0:02:04]} c6 {[%emt 0:00:19]} 6. c4 {[%emt 0:06:21]} (6. Be2 $14) 6... Nb4 $1 {[%emt 0:00:19] LiveBook: 79 Games B04: Aljechin-Verteidigung (Moderne Variante)} 7. Nd3 {[%emt 0:11:42]} (7. Be3 $11 Bf5 8. Nd3 e5 9. Nxb4 Bxb4+ 10. Nc3 Qa5 11. Qb3 Na6 12. Be2 exd4 13. Bxd4 O-O-O 14. Rd1 Rxd4 15. Rxd4 {0-1 (37) Nepomniachtchi,I (2714)-Ivanchuk,V (2704) Beijing 2014}) 7... Nxd3+ {[%emt 0:20:35]} (7... e5 $5) 8. Qxd3 {[%emt 0:00:12]} g6 {[%emt 0:02:19]} 9. Be3 {[%emt 0:01:20]} Bf5 {[%emt 0:01:21]} 10. Qd2 {[%emt 0:00:05]} Bg7 {[%emt 0:00:26]} 11. Nc3 {[%emt 0:00:19]} O-O {[%emt 0:01:53]} 12. Be2 {[%emt 0:00:08]} Qa5 $146 {[%emt 0:18:30]} ({Vorgänger:} 12... Na6 13. Bf3 Qc7 14. O-O {0-1 (34) Zychowicz,M (1857)-Gwozdzik,Z (1878) Szklarska Poreba 2017}) 13. O-O {[%emt 0:03:21]} Rd8 {[%emt 0:01:37]} 14. Rfd1 {[%emt 0:12:36]} Nd7 {[%emt 0:04:32]} 15. f3 {[%emt 0:08:47]} Nb6 {[%emt 0:26:14]} 16. Ne4 {[%emt 0:38:27]} Qxd2 {[%emt 0:26:21]} 17. Rxd2 e5 {[%emt 0:02:41]} 18. dxe5 {[%emt 0:06:39]} Rxd2 {[%emt 0:01:34]} 19. Bxd2 {[%emt 0:00:01]} Bxe4 {[%emt 0:00:18]} 20. fxe4 {[%emt 0:00:04]} Bxe5 {[%emt 0:00:06]} 21. Rb1 {[%emt 0:02:31]} Rd8 {[%emt 0:02:09]} 22. Ba5 {[%emt 0:04:56]} Rd4 {[%emt 0:03:38]} 23. b3 {[%emt 0:02:23]} Rxe4 {[%emt 0:06:04]} 24. Bf3 {[%emt 0:00:01]} Bd4+ {[%emt 0:00:52]} 25. Kf1 {[%emt 0:00:01]} Re5 {[%emt 0:00:18]} 26. Bxb6 {[%emt 0:03:39]} Bxb6 {[%emt 0:00:04]} 27. Re1 {[%emt 0:00:17]} Be3 {[%emt 0:00:04]} 28. Rd1 {[%emt 0:01:27]} Re7 {[%emt 0:00:09]} 29. b4 {[%emt 0:00:42]} Kg7 {[%emt 0:04:54]} 30. a4 {[%emt 0:00:06]} f5 {[%emt 0:00:58]} 31. a5 {[%emt 0:01:16]} a6 {[%emt 0:01:22]} 32. b5 {[%emt 0:00:32]} cxb5 {[%emt 0:00:30]} 33. cxb5 {[%emt 0:00:01]} axb5 {[%emt 0:01:06]} 34. Rb1 {[%emt 0:00:07]} g5 {[%emt 0:00:56]} 35. Rxb5 {[%emt 0:00:15]} Kf6 $11 {[%emt 0:00:21]} 1/2-1/2